Normal view MARC view
  • KADAM, ROHINI 2-UKE, ASHISH 3- LUHARIA, ANURAG. 4- DESHMUKH, GAURAV MISHRA. 5-LUHARIA, MONIKA

Entry Personal Name

Number of records used in: 1

001 - CONTROL NUMBER

  • control field: 8770

003 - CONTROL NUMBER IDENTIFIER

  • control field: JRU

005 - DATE AND TIME OF LATEST TRANSACTION

  • control field: 20251121151040.0

008 - FIXED-LENGTH DATA ELEMENTS

  • fixed length control field: 251121|| aca||aabn | a|a d

040 ## - CATALOGING SOURCE

  • Original cataloging agency: JRU
  • Transcribing agency: JRU

100 ## - HEADING--PERSONAL NAME

  • Personal name: KADAM, ROHINI 2-UKE, ASHISH 3- LUHARIA, ANURAG. 4- DESHMUKH, GAURAV MISHRA. 5-LUHARIA, MONIKA

670 ## - SOURCE DATA FOUND

  • Source citation: Work cat.: (JRU)8945: KADAM, ROHINI 2-UKE, ASHISH 3- LUHARIA, ANURAG. 4- DESHMUKH, GAURAV MISHRA. 5-LUHARIA, MONIKA , FUNDAMENTALS PF MEDICINAL CHEMISTRY - FOR THE STUDENTS OF MEDICINAL CHEMISTRY, PHARMACEUTICAL SCIENCES, PHARMACOLOGY AND BIOCHEMISTRY, 2024